Plan parcial ordenamiento urbano : sector área urbana distrito 1.

Bibliographic Details
Main Author: Nicaragua. Alcadía de Managua Dirección de Urbanismo
Format: Section = Libro
Language:Undetermined
Spanish
Published: Managua Alcaldía de Managua 1999
Subjects:
LEADER 00677nam a2200205Ia 4500
008 240829s9999 xx 000 0 und d
040 |a BIBLIOTECA-RUSB/ Ref 711 A347 
041 |a spa 
082 |a Ref 711 A347 
100 1 |a Nicaragua. Alcadía de Managua Dirección de Urbanismo 
245 1 0 |a Plan parcial ordenamiento urbano : sector área urbana distrito 1. 
260 |a Managua  |b Alcaldía de Managua  |c 1999 
300 |a 58 p. :il. 
650 7 |a URBANISMO-PLAN PARCIAL-SECTOR ORIENTAL 
650 7 |b  ORDENAMIENTO URBANO-SECTOR ORIENTAL 
650 7 |c  ZONIFICACION USO DE SUELO 
650 7 |d  ASENTAMIENTOS-SECTOR ORIENTAL 
942 |c BK  |2 ddc 
991 |a TEXTO 
999 |c 6405